[Event "Wuerttemberg-ch KT"]
[Site "Bisingen"]
[Date "2013.09.06"]
[Round "7"]
[White "Ordu, Armin"]
[Black "Moedinger, Roland"]
[Result "0-1"]
[WhiteElo "1736"]
[BlackElo "2067"]
[PlyCount "92"]
[EventDate "2013.08.31"]
[EventType "swiss"]
[EventRounds "9"]
[EventCountry "GER"]
[SourceTitle "EXT 2017"]
[Source "ChessBase"]
[SourceDate "2016.10.25"]
[SourceVersion "1"]
[SourceVersionDate "2016.10.25"]
[SourceQuality "1"]

1. e4 d5 2. exd5 Nf6 3. Nc3 Nxd5 4. Nxd5 Qxd5 5. d4 Bf5 6. Be3 e6 7. Qd2 Nc6 8. a3 Be7 9. Nf3 0-0-0 10. 0-0-0 h6 11. Qc3 b5 12. Bd3 b4 13. Qc4 Qxc4 14. Bxc4 bxa3 15. bxa3 Bxa3+ 16. Kd2 Bb4+ 17. c3 Ba5 18. Ra1 Bb6 19. Ba6+ Kb8 20. Ra4 e5 21. Rha1 Be4 22. Ke2 Bxf3+ 23. gxf3 exd4 24. cxd4 Rhe8 25. Kd3 Ne7 26. Bc4 Nd5 27. Bb5 Re6 28. Bc4 Red6 29. Bd2 Nf4+ 30. Bxf4 Rxd4+ 31. Kc2 Rxf4 32. Bb5 Rxf3 33. Bc6 Rxf2+ 34. Kc3 Rxh2 35. Re1 Rf2 36. Rae4 Ba5+ 37. Rb4+ Bxb4+ 38. Kxb4 Rf6 39. Kc5 Rxc6+ 40. Kxc6 Rd6+ 41. Kc5 f5 42. Re8+ Kb7 43. Re1 f4 44. Rf1 Rf6 45. Rb1+ Kc8 46. Ra1 f3 0-1

[Event "Wuerttemberg-ch KT"]
[Site "Bisingen"]
[Date "2013.09.01"]
[Round "2"]
[White "Ordu, Armin"]
[Black "Andreev, Vlad"]
[Result "0-1"]
[WhiteElo "1736"]
[BlackElo "2014"]
[PlyCount "56"]
[EventDate "2013.08.31"]
[EventType "swiss"]
[EventRounds "9"]
[EventCountry "GER"]
[SourceTitle "EXT 2017"]
[Source "ChessBase"]
[SourceDate "2016.10.25"]
[SourceVersion "1"]
[SourceVersionDate "2016.10.25"]
[SourceQuality "1"]

1. e4 c6 2. d4 d5 3. Nc3 dxe4 4. Nxe4 Bf5 5. Ng3 Bg6 6. Nf3 Nd7 7. Bd3 e6 8. Bxg6 hxg6 9. c3 Ngf6 10. Bg5 Qc7 11. Qa4 Bd6 12. 0-0-0 b5 13. Qc2 a5 14. a3 b4 15. a4 bxc3 16. bxc3 Rb8 17. Kd2 0-0 18. Rb1 Nb6 19. Ke2 Nfd5 20. Rhe1 Nxa4 21. Bd2 Nab6 22. Qe4 Qa7 23. Qh4 Qa6+ 24. Kd1 Qd3 25. Rc1 Na4 26. Re3 Naxc3+ 27. Ke1 Nxe3 28. fxe3 Bxg3+ 0-1

[Event "Wuerttemberg-ch KT"]
[Site "Illertissen"]
[Date "2012.09.01"]
[Round "8"]
[White "Ordu, Armin"]
[Black "Bitter, Frank"]
[Result "1/2-1/2"]
[WhiteElo "1801"]
[BlackElo "1915"]
[PlyCount "81"]
[EventDate "2012.08.25"]
[EventType "swiss"]
[EventRounds "9"]
[EventCountry "GER"]
[SourceTitle "EXT 2017"]
[Source "ChessBase"]
[SourceDate "2016.10.25"]
[SourceVersion "1"]
[SourceVersionDate "2016.10.25"]
[SourceQuality "1"]

1. e4 c6 2. d4 d5 3. Nc3 dxe4 4. Nxe4 Bf5 5. Ng3 Bg6 6. Nf3 Nd7 7. Bd3 Bxd3 8. Qxd3 e6 9. 0-0 Ngf6 10. Re1 Bd6 11. Ne4 Nxe4 12. Qxe4 Nf6 13. Bg5 Nxe4 14. Bxd8 Nxf2 15. Bh4 Ng4 16. h3 Nf6 17. Ne5 Rf8 18. c3 Nd7 19. Nc4 Bc7 20. b4 h6 21. Re2 g5 22. Bf2 0-0-0 23. a4 Nb6 24. Nb2 Nd5 25. Be1 Rde8 26. g3 e5 27. c4 Nb6 28. a5 Nd7 29. d5 cxd5 30. cxd5 Nf6 31. Rd1 Rd8 32. Red2 Bd6 33. Rc2+ Kb8 34. Nc4 Ne8 35. Kg2 f6 36. b5 Rf7 37. b6 a6 38. Rdc1 Rfd7 39. Rd1 Be7 40. Ne3 Nd6 41. Rdc1 1/2-1/2

[Event "Wuerttemberg-ch KT"]
[Site "Illertissen"]
[Date "2012.08.26"]
[Round "2"]
[White "Ordu, Armin"]
[Black "Schoembs, Oliver"]
[Result "0-1"]
[WhiteElo "1801"]
[BlackElo "1865"]
[PlyCount "138"]
[EventDate "2012.08.25"]
[EventType "swiss"]
[EventRounds "9"]
[EventCountry "GER"]
[SourceTitle "EXT 2017"]
[Source "ChessBase"]
[SourceDate "2016.10.25"]
[SourceVersion "1"]
[SourceVersionDate "2016.10.25"]
[SourceQuality "1"]

1. e4 c5 2. Nf3 a6 3. d4 cxd4 4. Nxd4 Nf6 5. Nc3 e5 6. Nf3 Bb4 7. Bd2 d6 8. Nd5 Bxd2+ 9. Nxd2 Be6 10. c4 Nbd7 11. Be2 Nc5 12. f3 0-0 13. 0-0 Bxd5 14. cxd5 Qb6 15. Nc4 Qa7 16. Kh1 Ne8 17. b4 Nd7 18. a4 Rc8 19. h3 f5 20. exf5 Rxf5 21. Bd3 Rf4 22. Rc1 Ndf6 23. Qb3 Nh5 24. Kh2 b5 25. axb5 axb5 26. Na5 Rxc1 27. Rxc1 Qf2 28. Qc2 Qxc2 29. Rxc2 Rxb4 30. Nb7 Nhf6 31. Rc8 Kf7 32. Rc6 Ke7 33. Rb6 Nxd5 34. Rxb5 Rxb5 35. Bxb5 Nec7 36. Bd3 g6 37. Kg3 Nb4 38. Be2 Ne6 39. Kf2 d5 40. Na5 Kd6 41. Nb3 Nf4 42. Bf1 Nc2 43. g3 Ne6 44. h4 Nc5 45. Nxc5 Kxc5 46. Bd3 Nb4 47. Bb1 Kd4 48. h5 Nd3+ 49. Ke2 e4 50. hxg6 hxg6 51. fxe4 dxe4 52. Bc2 g5 53. Ba4 Nb4 54. Bd7 Nd5 55. Be6 Nc3+ 56. Kd2 e3+ 57. Ke1 Ne4 58. g4 Ke5 59. Bf5 Ng3 60. Bc8 Kf4 61. Bd7 Nh1 62. Kf1 Nf2 63. Ke2 Nxg4 64. Bxg4 Kxg4 65. Kxe3 Kg3 66. Ke2 Kg2 67. Ke3 g4 68. Ke2 g3 69. Ke1 Kh2 0-1

[Event "Wuerttemberg-ch KT"]
[Site "Stuttgart"]
[Date "2010.08.29"]
[Round "2"]
[White "Ordu, Armin"]
[Black "Schoembs, Oliver"]
[Result "0-1"]
[WhiteElo "1834"]
[BlackElo "1938"]
[PlyCount "84"]
[EventDate "2010.08.28"]
[EventType "swiss"]
[EventRounds "9"]
[EventCountry "GER"]
[SourceTitle "EXT 2017"]
[Source "ChessBase"]
[SourceDate "2016.10.25"]
[SourceVersion "1"]
[SourceVersionDate "2016.10.25"]
[SourceQuality "1"]

1. e4 e5 2. Nf3 Nc6 3. Bc4 Nf6 4. d3 Be7 5. c3 d6 6. h3 Bd7 7. b4 Qc8 8. Be3 0-0 9. Nbd2 Nd8 10. a4 c6 11. 0-0 Ne6 12. a5 Kh8 13. Ng5 d5 14. Nxe6 Bxe6 15. Ba2 Ne8 16. f4 exf4 17. Bxf4 Nd6 18. Qf3 Nb5 19. d4 g5 20. Bh2 g4 21. hxg4 Bg5 22. exd5 cxd5 23. Rac1 Qd7 24. Qd3 Bxg4 25. c4 dxc4 26. Rxc4 Rae8 27. Ne4 Bf5 28. Rc5 Bxe4 29. Qxb5 Be3+ 30. Kh1 Qg4 31. Rf3 Bxf3 32. Qf1 Be4 33. Bb1 Bxd4 34. Bxe4 Qxe4 35. Rc1 Rg8 36. Rd1 Rg7 37. Bg1 Bxg1 38. Kxg1 Reg8 39. Rd2 Qe3+ 40. Rf2 Rxg2+ 41. Qxg2 Rxg2+ 42. Kxg2 Qe4+ 0-1

[Event "GER Seniors Derby 08th"]
[Site "Wesel Undeloh"]
[Date "2009.04.18"]
[Round "5.19"]
[White "Ordu, Armin"]
[Black "Eichhorst, Gerhard"]
[Result "1/2-1/2"]
[WhiteElo "1558"]
[BlackElo "1600"]
[PlyCount "51"]
[EventDate "2009.04.16"]
[EventType "swiss"]
[EventRounds "7"]
[EventCountry "GER"]
[SourceTitle "EXT 2022"]
[Source "ChessBase"]
[SourceDate "2021.10.06"]
[SourceVersion "1"]
[SourceVersionDate "2021.10.06"]
[SourceQuality "1"]

1. e4 g6 2. d4 Bg7 3. Nf3 d6 4. h3 Nd7 5. Bc4 e6 6. 0-0 Ne7 7. Be3 b6 8. Nc3 Bb7 9. Qd2 h6 10. Rad1 a6 11. a3 Nf6 12. Bd3 Qd7 13. Qe2 0-0 14. Nh2 Kh7 15. e5 dxe5 16. dxe5 Nfd5 17. Nxd5 exd5 18. f4 Nf5 19. Bf2 Rfe8 20. Qd2 h5 21. Nf3 f6 22. exf6 Bxf6 23. Ng5+ Kh6 24. c3 a5 25. Nf3 c5 26. g4 1/2-1/2

[Event "Staufer op 21st"]
[Site "Schwaebisch Gmuend"]
[Date "2009.01.05"]
[Round "6"]
[White "Ordu, Armin"]
[Black "Miller, Martin"]
[Result "1-0"]
[WhiteElo "1511"]
[BlackElo "1947"]
[PlyCount "53"]
[EventDate "2009.01.02"]
[EventType "swiss"]
[EventRounds "9"]
[EventCountry "GER"]
[SourceTitle "CBM 128 Extra"]
[Source "ChessBase"]
[SourceDate "2009.03.05"]
[SourceVersion "2"]
[SourceVersionDate "2009.03.25"]
[SourceQuality "1"]

1. e4 c5 2. Nf3 e6 3. d4 cxd4 4. Nxd4 Nc6 5. a3 Qb6 6. Nxc6 bxc6 7. Be2 Nf6 8. Nc3 d5 9. exd5 cxd5 10. 0-0 Bd7 11. Rb1 d4 12. Bf3 Rd8 13. Ne4 Nxe4 14. Bxe4 Bxa3 15. Qd3 Bc5 16. c4 dxc3 17. bxc3 Ba4 18. Qg3 Qd6 19. Qxg7 Qf8 20. Bh6 f5 21. Bf3 Qxg7 22. Bxg7 Rg8 23. Bf6 Rc8 24. Rb7 Bc6 25. Bh5+ Kf8 26. Rf7+ Ke8 27. Rc7+ 1-0

[Event "GER-chT Betriebe"]
[Site "Berlin"]
[Date "2006.10.05"]
[Round "2.4"]
[White "Ordu, Armin"]
[Black "Herrmann, Eberhard"]
[Result "0-1"]
[WhiteElo "1629"]
[BlackElo "1771"]
[PlyCount "94"]
[EventDate "2006.10.05"]
[EventType "team-tourn"]
[EventRounds "7"]
[EventCountry "GER"]
[SourceTitle "EXT 2007"]
[Source "ChessBase"]
[SourceDate "2006.11.23"]
[SourceVersion "1"]
[SourceVersionDate "2006.11.23"]
[SourceQuality "1"]
[WhiteTeam "SG Stern Stuttgart"]
[BlackTeam "SG TaxiTeam/Wiheil"]
[WhiteTeamCountry "GER"]
[BlackTeamCountry "GER"]

1. e4 e5 2. Nf3 Nc6 3. Bc4 d6 4. c3 Na5 5. Be2 Nf6 6. Qa4+ Nc6 7. d3 Be7 8. b4 Bd7 9. b5 Nb8 10. c4 b6 11. Qc2 0-0 12. a4 a5 13. 0-0 Be6 14. Nc3 Nbd7 15. Nd5 h6 16. h3 Nh7 17. Nh2 f5 18. exf5 Bxf5 19. f4 Nc5 20. Bb2 e4 21. dxe4 Bxe4 22. Qc3 Bf6 23. Nxf6+ Nxf6 24. Ng4 Qe8 25. Bf3 Qg6 26. Nxf6+ Rxf6 27. Bxe4 Qxe4 28. Rae1 Qg6 29. f5 Qh5 30. Qg3 Rf7 31. f6 Nxa4 32. Bd4 g5 33. Re7 Raf8 34. Rfe1 Qg6 35. Re8 Rxf6 36. Qe3 Rxe8 37. Qxe8+ Qxe8 38. Rxe8+ Kf7 39. Bxf6 Kxe8 40. Bg7 h5 41. g4 hxg4 42. hxg4 Kf7 43. Bd4 Nc5 44. Kf2 Ke6 45. Be3 d5 46. cxd5+ Kxd5 47. Bxg5 Ne4+ 0-1

[Event "GER-chT Betriebe"]
[Site "Berlin"]
[Date "2006.10.05"]
[Round "1.3"]
[White "Ordu, Armin"]
[Black "Postny, Evgeny"]
[Result "0-1"]
[WhiteElo "1629"]
[BlackElo "2591"]
[PlyCount "58"]
[EventDate "2006.10.05"]
[EventType "team-tourn"]
[EventRounds "7"]
[EventCountry "GER"]
[SourceTitle "EXT 2007"]
[Source "ChessBase"]
[SourceDate "2006.11.23"]
[SourceVersion "1"]
[SourceVersionDate "2006.11.23"]
[SourceQuality "1"]
[WhiteTeam "SG Stern Stuttgart"]
[BlackTeam "SK Praesident"]
[WhiteTeamCountry "GER"]
[BlackTeamCountry "GER"]

1. e4 c5 2. Nf3 d6 3. d4 cxd4 4. Nxd4 Nf6 5. Nc3 g6 6. Be3 Bg7 7. Bc4 Nc6 8. Bb3 Ng4 9. h3 Nxe3 10. fxe3 0-0 11. Qd2 Bd7 12. 0-0-0 Rc8 13. Kb1 Ne5 14. Qe2 Rxc3 15. bxc3 Qa5 16. c4 Qa3 17. c3 a5 18. Nc2 Qc5 19. a4 Be6 20. Rd4 Rc8 21. Rdd1 Qb6 22. Ka2 Rxc4 23. Rd5 Bxd5 24. exd5 Rxc3 25. Nd4 Nd3 26. Qd1 Nb4+ 27. Kb2 Rxe3 28. Qg4 Bxd4+ 29. Ka3 Nc2+ 0-1